000 01350nam a2200337 i 4500
003 EG-GICUC
005 20260121101633.0
008 260101s1993 ua ||||fr|||| 000 0 ara d
040 _a EG-GICUC
_bara
_c EG-GICUC
_d EG-GICUC
_erda
041 _aara
082 0 4 _221
_a345.6
_bم ح . ق
092 0 4 _221
099 _aLaw1 07 345.6 م ح . ق 1993
100 0 _aمحمود محمد حافظ
_eمؤلف.
245 1 2 _aالقرار الإداري :
_bدراسة مقارنة /
_cدكتور محمود محمد حافظ.
264 1 _aالقاهرة :
_bدار النهضة العربية,
_c1993.
300 _a298 صفحة ؛
_c24 سم
_bإيضاحيات، صور، مثيليات ؛
336 _2rda content
_atext
337 _2rda media
_aComputer
338 _2rda carrier
_aOnline Resource
504 _a. 240-220 ببليوجرافيا: صفحات.
546 _aالنص أغلبه باللغة العربية مع بعض النصوص الفرنسية
650 1 4 _aالقرارت الإدارية
_2qrmak
650 1 4 _aاللوائح التنفيذية
_2qrmak
650 1 4 _aاللوائح التفويضية
_2qrmak
650 1 4 _aالتنفيذ المباشر للقرار الإداري
_2qrmak
651 1 _2qrmak
856 4 0 _uhttps://fll.law.cu.edu.eg/fulltext/bks/B07-02132.pdf
905 _a79
942 _2ddc
_cBK
_e21
_n0
999 _c53735
_d53735